00646 2200241 4500001002100000005001500021035002000036007000300056008004100059020002200100082001000122084001600132100001900148245005300167250001000220260004600230300003300276650002600309700002900335700001800364990001100382990001100393INLIS00000000000125020180115115116 a0010-0118000068ta180115 g 0 ind  a978-605-1129-91-3 a786.5 a786.5 VAN r0 aVan Eko Sirait1 aTrik A-Z Menguasai Keyboard The Best Instruction aCet.1 aYogyakarta :bPenerbinIndoliterasi,c2015 a212hlm :bilus ;c19 x 28 cm aKeyboard , Seni Musik0 aHanna Permata H;eldisari0 aAsha Larasati a5701 a a5701 b